00762cam a2200217 c 4500001000900000003000900009005001700018008004100035020001800076040002800094041000800122082001600130100002400146245011600170260011000286300004700396490002200443650001600465650003700481700002600518a5048998CO-ViMGA20230915223801.0110519s2008 sp a | |||| 000 1 spa  a9788498855821 aCO-ViMGAbspacCO-ViMGA1 heng04a741.5bW32i1 aWhedon, Jossd1964-10aImparable /h[Texto impreso]cJoss Whedon [guión] ; John Cassaday [dibujo ; Santiago García, traducción] aTorroella de Montgrí, GironabPanini España ;aBarcelonabdistribución, Sd Distribucin̤cD.L. 2008 a[206] p.bprincipalmente il. col.c27 cm..0 aAstonishing X-Men14aComics 14aTiras comicas, historietas, etc.1 aCassaday, Johnd1971-